1974 Songs - Name the Artist - Statistics

General Stats
  • This quiz has been taken 91 times
  • The average score is 16 of 40
Answer Stats
Song Artist / Band % Correct
Waterloo ABBA
93%
No Woman, No Cry Bob Marley & The Wailers
83%
Jolene Dolly Parton
83%
Sweet Home Alabama Lynyrd Skynyrd
77%
Rebel Rebel David Bowie
72%
Annie's Song John Denver
68%
You Ain't Seen Nothing Yet Bachman-Turner Overdrive
65%
Seasons in the Sun Terry Jacks
57%
The Air That I Breathe Hollies
54%
Rikki Don't Lose That Number Steely Dan
54%
Kung Fu Fighting Carl Douglas
51%
You're the First, the Last, My Everything Barry White
49%
Cat's in the Cradle Harry Chapin
46%
Oh Very Young Cat Stevens
43%
Rock The Boat Hues Corporation
43%
Black Water Doobie Brothers
42%
Autobahn Kraftwerk
42%
Tin Man America
41%
How Long Ace
37%
When Will I See You Again Three Degrees
36%
Bungle in the Jungle Jethro Tull
31%
I Can Help Billy Swan
30%
Love Me for a Reason Osmonds
30%
Magic Pilot
30%
Lonely This Christmas Mud
28%
This Town Ain't Big Enough For Both Of Us Sparks
28%
Dreamer Supertramp
28%
Shang-a-Lang Bay City Rollers
26%
Sugar Baby Love Rubettes
26%
Don't Eat The Yellow Snow Frank Zappa
25%
Longfellow Serenade Neil Diamond
25%
Emma Hot Chocolate
23%
For the Love of Money O'Jays
23%
Kissin' in the Back Row of the Movies Drifters
20%
Beach Baby First Class
20%
The Man with the Golden Gun Lulu
20%
Take Me to the River Al Green
19%
Let It Grow Eric Clapton
16%
One Man Band Leo Sayer
16%
Get Dancin' Disco-Tex and the Sex-O-Lettes
10%
No matching quizzes found
Score Distribution
Percent of People with Each Score
Percentile by Number Answered
Your Score History
You have not taken this quiz